000 00286nam a22001337a 4500
008 170727b xxu||||| |||| 00| 0 eng d
020 _a3531110780
041 _aeng
080 _a004
100 _a29
101 _aSHKI
245 _aMODERNE LEHRTEXTE
_cWACKER, W.H
942 _2udc
_cBK
999 _c22011
_d22011